Normal view
MARC view
- مكتبة الجامعة الاردنية
Entry Personal Name
001 - CONTROL NUMBER
- control field: 57341
003 - CONTROL NUMBER IDENTIFIER
- control field: JO-AjAnu
005 - DATE AND TIME OF LATEST TRANSACTION
- control field: 20230606083406.0
008 - FIXED-LENGTH DATA ELEMENTS
- fixed length control field: 230606|| aca||aabn | a|a d
040 ## - CATALOGING SOURCE
- Original cataloging agency: JO-AjAnu
- Transcribing agency: JO-AjAnu
100 ## - HEADING--PERSONAL NAME
- Personal name: مكتبة الجامعة الاردنية
670 ## - SOURCE DATA FOUND
- Source citation: Work cat.: (JO-AjAnu)29256: مكتبة الجامعة الاردنية, author, نحو مكتبات حديثة الجودة والإعتمادية: المؤتمر الدولي الثالث في النشر الإلكتروني لمكتبة الجامعة الأردنية 25-27 تموز 2017